| 000 -ლიდერი |
| ფიქსირებული სიგრძის საკონტროლო ველი |
01990nam a22002417a 4500 |
| 003 - საკონტროლო ნომრის იდენტიფიკატორი |
| საკონტროლო ველი |
Ge_BSU |
| 005 - ბოლო ოპერაციის თარიღი და დრო |
| საკონტროლო ველი |
20250328153616.0 |
| 008 - ფიქსირებული სიგრძის მონაცემთა ელემენტები - ზოგადი ინფორმაცია |
| ფიქსირებული სიგრძის საკონტროლო ველი |
250328s2024 ge ||||| |||| 00| 0 geo d |
| 020 ## - წიგნის საერთაშორისო სტანდარტული ნომერი |
| International Standard Book Number |
9789941987526 |
| 041 ## - ენის კოდი |
| Language code of text/sound track or separate title |
geo |
| 080 ## - უნივერსალური ათობითი კლასიფიკაციის ინდექსი |
| Universal Decimal Classification number |
343.231.14 გ-36 |
| 245 ## - ცნობა სათაურის შესახებ |
| Title |
გერმანულ-ქართული სამართლის დიალოგი = Deutsch-georgischer Rechtsdialog : სისხლის სამართალი და ადამიანის უფლებები : |
| Remainder of title |
კონფერენციის მასალები 2023 / |
| Statement of responsibility, etc |
რედაქტორები: ბაჩანა ჯიშკარიანი, მარტინ პაულ ვასმერი; მთარგმნელები: ლაშა კალანდაძე, ეთუნა ჩაჩანიძე;ქართული, გერმანული და საერთაშორისო სისხლის სამართლის ინ-ტი. |
| 264 ## - წარმოების, გამოცემის, დისტრიბუციის და სხვა ცნობები |
| გამოცემის, წარმოების, დისტრიბუციის... ადგილი |
თბილისი : |
| გამოცემის, წარმოების, დისტრიბუციის... სახელწოდება |
იურისტების სამყარო, |
| გამოცემის, წარმოების, დისტრიბუციის... თარიღი |
2023. |
| 300 ## - ფიზიკური აღწერა |
| Extent |
206 გვ.; |
| Other physical details |
20 სმ. |
| 500 ## - ზოგადი შენიშვნა |
| General note |
გარეკანი, თავფურცელი და ტექსტი ქართულ და გერმანულ ენებზე. |
| 504 ## - BIBLIOGRAPHY, ETC. NOTE |
| Bibliography, etc |
ბიბლიოგრაფია ტექსტის შენიშვნებში |
| 653 ## - INDEX TERM--UNCONTROLLED |
| Uncontrolled term |
სისხლის სამართალი |
| 653 ## - INDEX TERM--UNCONTROLLED |
| Uncontrolled term |
ადამიანის უფლებები |
| 700 ## - ADDED ENTRY--PERSONAL NAME |
| Personal name |
ჯიშკარიანი, ბაჩანა |
| Relator term |
რედაქტორი |
| 9 (RLIN) |
24711 |
| 700 ## - ADDED ENTRY--PERSONAL NAME |
| Personal name |
ვასმერი, მარტინ პაულ |
| Relator term |
რედაქტორი |
| 9 (RLIN) |
15766 |
| 710 ## - ADDED ENTRY--CORPORATE NAME |
| Corporate name or jurisdiction name as entry element |
ქართული, გერმანული და საერთაშორისო სისხლის სამართლის ინ-ტი. |
| 9 (RLIN) |
24712 |
| 942 ## - ADDED ENTRY ELEMENTS (KOHA) |
| Source of classification or shelving scheme |
|
| Koha item type |
წიგნი |